000
00239nam a2200097Ia 4500
001
722448
005
20250826163311.0
008
250824s9999 xx 000 0 und d
245
0
_a
NURUN BEŞ DUYUSU
_c
SULTAN VELED
260
_b
HAYAT YAYINLARI
999
_c
722448
_d
722448